| 000 | 00656cam a22002413a 4500 | ||
|---|---|---|---|
| 001 | 2693 | ||
| 003 | PGUSA | ||
| 005 | 20140828083020.0 | ||
| 008 | 010701s2001||||xxu|||||s|||||000 1 eng d | ||
| 040 |
_aPGUSA _beng |
||
| 042 | _adc | ||
| 050 | 4 | _aPS | |
| 100 | 1 |
_aAtkinson, Eleanor, _d1863-1942 |
|
| 245 | 1 | 0 |
_aGreyfriars Bobby _h[electronic resource] / _cEleanor Atkinson |
| 260 |
_bProject Gutenberg, _c2001 |
||
| 506 | _aPublic domain in the USA. | ||
| 516 | _aElectronic text | ||
| 653 | _aScotland -- Fiction | ||
| 653 | _aDogs -- Fiction | ||
| 830 | 0 |
_aProject Gutenberg _v2693 |
|
| 856 | 4 | 0 | _uhttp://www.gutenberg.org/ebooks/2693 |
| 942 | _cEB | ||
| 999 |
_c232026 _d232026 |
||